01330nam a2200181 a 450000100060000000300090000600800410001504000280005608200160008410000380010024500570013826000400019530000080023550508320024365000250107565000270110065000210112722620CO-ViMGA141112s2004 ck r 000 u spa d aCO-ViMGAbspacCO-ViMGA04a614.4 A734e1 aArdila, Enrique; Sanchez, Ricardo10aEstrategias de investigación en medicina clÍnica aBogotá : bManual moderno, c2001 a288 aMetodo cientifico, epidemologia clinica desarrollo historico, Informacion clinica, nociones de bioestadistica, manejo de datos, analisis de datos mediante herramientas graficas, reporte de casos y serie de casos 1 - 76 - - Diseño de Investigación clinica : los estudios transversales, estudios de casos y controles, estudio de cohortes, estudios de intervenciones, fases del desarrollo de un nuevo farmaco, pruebas diagnosticas y proceso diagnostico, meta - analisis de experimentos clinicos 73 - 176 - - Consensos, guias y protocolos, la colaboracion cochrane en iberoAmérica, medicina basada en la evidencia, analisis de decisiones, como escribir y publicar en medicina, evidencia epidemologica, calidad de vida, aspectos eticos en la Investigación clinica, la administracion en la Investigación clinica 181 - 284 14aEPIDEMOLOGIA CLINICA14aInvestigación MEDICA14aMEDICINA CLINICA